000
00279nam a2200121Ia 4500
999
_c
14312
_d
14312
008
260210s9999 xx 000 0 und d
020
_a
9780367577643
082
_a
614.84
100
_a
Burke
245
0
_a
Fire Protection:System And Response
260
_b
CRC
942
_c
UG
_2
ddc